000 00306nam a22001337a 4500
008 190225b xxu||||| |||| 00| 0 eng d
020 _a9781560989950
041 _aeng
080 _a910
100 _a42
101 _aGJEO
245 _aVikings. The North Atlantic Saga
_cFitzhugh, W.W
942 _2udc
_cBK
999 _c54240
_d54240